000 00708nam a2200205 a 4500
001 BRCA_1532
005 20190320203449.0
008 900309s1989 mx-a---##b---#000-0#spa-#
040 _aDLC
_cDLC
041 _aspaeng
050 4 _aN6679.B6
_b.B68 1989
245 1 0 _aBotero
_bla corrida : oleos, acuarelas, dibujos.
260 _aMéxico
_bCONACULTA : INBA
_c1989
300 _a146 p.
_bil. (algunas a color)
_c30 cm.
500 _aCatálogo de la exposición realizada en el Museo Rufino Tamayo (Ciudad de México), mayo - agosto, 1989
500 _aIncluye catálogo de obra y biografía
504 _aBibliografía: p. 143-146
600 1 4 _aBotero, Fernando
_d1932-
_vExposiciones
_94950
942 _2lcc
_cB
999 _c1379
_d1379